Elements of power system analysis (Record no. 3209)

000 -LEADER
fixed length control field 00596nam a2200217 a 4500
001 - CONTROL NUMBER
control field 3209
003 - CONTROL NUMBER IDENTIFIER
control field BD-DhUET
008 - FIXED-LENGTH DATA ELEMENTS--GENERAL INFORMATION
fixed length control field 810331s1982 nyua 001 0 eng
020 ## - INTERNATIONAL STANDARD BOOK NUMBER
International Standard Book Number 0070612781
020 ## - INTERNATIONAL STANDARD BOOK NUMBER
International Standard Book Number 007061279X
040 ## - CATALOGING SOURCE
Original cataloging agency DLC
Transcribing agency DLC
Modifying agency BD-DhUET
082 00 - DEWEY DECIMAL CLASSIFICATION NUMBER
Classification number 623.12
Item number STE/1982
100 1# - MAIN ENTRY--PERSONAL NAME
Personal name Stevenson, William D.
245 10 - TITLE STATEMENT
Title Elements of power system analysis
250 ## - EDITION STATEMENT
Edition statement 4th ed.
260 ## - PUBLICATION, DISTRIBUTION, ETC. (IMPRINT)
Place of publication, distribution, etc. New York
Name of publisher, distributor, etc. McGraw-Hill
Date of publication, distribution, etc. 1982
300 ## - PHYSICAL DESCRIPTION
Extent xii, 436 p.
Other physical details ill.
Dimensions 25 cm.
490 ## - SERIES STATEMENT
Series statement McGRAW-HILL series in electrical engineering
650 #0 - SUBJECT ADDED ENTRY--TOPICAL TERM
Topical term or geographic name as entry element Electric power system stability
942 ## - ADDED ENTRY ELEMENTS (KOHA)
Koha item type General Book
Holdings
Sublocation or collection (holding branch) Copy number Piece designation (barcode) Koha date last seen Source of classification or shelving scheme Koha full call number Price effective from Koha date last borrowed Shelving location Withdrawn status Koha issues (times borrowed) Koha normalized classification for sorting Lost status Koha item type Location (home branch) Damaged status Not for loan Date acquired Koha renewals
Central Library, BUET11103132021-09-27 623.12/STE/19822014-10-222021-09-27Circulation section 52623_120000000000000_STE_1982 General BookCentral Library, BUET  2014-10-22 
Central Library, BUET2691782015-02-10 623.12/STE/19822015-02-10 Circulation section  623_120000000000000_STE_1982 General BookCentral Library, BUET  2015-02-10 
Central Library, BUET378208 2021-08-31 623.12/STE/19822015-02-112021-08-31Circulation section 22623_120000000000000_STE_1982 General BookCentral Library, BUET  2015-02-112
Central Library, BUET4673862015-06-24 623.12/STE/19822015-06-24 Reading section  623_120000000000000_STE_1982 Reading ItemCentral Library, BUET  2015-06-24 
Central Library, BUET5673842015-06-24 623.12/STE/19822015-06-24 Reading section  623_120000000000000_STE_1982 Reading ItemCentral Library, BUET  2015-06-24 
Central Library, BUET6673852015-06-24 623.12/STE/19822015-06-24 Reading section  623_120000000000000_STE_1982 Reading ItemCentral Library, BUET  2015-06-24 
Central Library, BUET7639052015-06-24 623.12/STE/19822015-06-24 Reading section  623_120000000000000_STE_1982 Reading ItemCentral Library, BUET  2015-06-24 
Central Library, BUET8639062015-06-25 623.12/STE/19822015-06-25 Reading section  623_120000000000000_STE_1982 Reading ItemCentral Library, BUET  2015-06-25 
Central Library, BUET9639072015-06-25 623.12/STE/19822015-06-25 Reading section  623_120000000000000_STE_1982 Reading ItemCentral Library, BUET  2015-06-25 
Central Library, BUET10639082015-06-28 623.12/STE/19822015-06-28 Reading section  623_120000000000000_STE_1982 Reading ItemCentral Library, BUET  2015-06-28